B Vitamins - Sudden Death! - Statistics

General Stats
  • This quiz has been taken 42 times
  • The average score is 7 of 12
Answers on the Grid
Answers color-coded by a green-red scale on the quiz's grid according to % correct below.
Thiamine
Riboflavin
Niacinamide
Niacin
Nicotinamide riboside
Pantothenic acid
Pyridoxine
Pyridoxamine
Pyridoxal
Biotin
Folate
Cobalamins
Dopamine
Melatonin
Methylate
Ascorbic acid
Phosphorus
Magnesium
Selenium
Lactase
 
Answer Stats
Answer % Correct
Niacin
77%
Thiamine
77%
Riboflavin
73%
Folate
68%
Biotin
64%
Pantothenic acid
64%
Pyridoxamine
50%
Pyridoxine
45%
Cobalamins
41%
Pyridoxal
41%
Niacinamide
36%
Nicotinamide riboside
32%
No matching quizzes found
Score Distribution
Percent of People with Each Score
Percentile by Number Answered
Your Score History
You have not taken this quiz